000 00665nam a2200193 a 4500
008 120416s1964 ||||||||||||||||| || u
020 _a0582607051
050 _aB 181 Lew
100 _aLewes, George Henry
245 1 4 _aThe biographical history of philosophy from its origin in Greece down to the present day
246 _aJ. S. Farrant
250 _aRev. ed.
260 _aLondon
_bLongman
_c1964
300 _ax, 414p. : ill.
350 _a0.00
650 _aPHILOSOPHY
650 _aEVOLUTION-- PHILOSOPHY
995 _D0.00
_FCBU-MAIN LIBRARY (Kitwe)
_H1
_I1.25
_M1
_UDAMAGED
_ZMain Library Open Access Collection
999 _c35886
_d35886